000 00790nas a2200229 4500
001 BR0806040
003 BR-BrBNA
005 20231205112053.0
007 ta
008 230509b bl.|||p| |||| 00| 00por d
040 _aBR-BrBNA
_bpor
_cBiblioteca Nacional de Agricultura
041 _a(Pt)
072 _aL10
100 1 _aAlbuquerque, L.G. de
100 1 _aFaro, L.E.
245 1 _aComparações entre os valores genéticos para características de crescimento de bovinos da raça nelore preditos com modelos de dimensão finita ou infinita
650 _aGENÉTICA ANIMAL
650 _aBOVINO
773 0 _tRevista Brasileira de Zootecnia (Brazil)
_xISSN 1516-3598
_g(Feb 2008), v. 37(2) p. 238-246
_wBR0806040
909 _a202311
_bLúcia
_c55
_dLúcia Elande
942 _2AGRIS
_n0
_cANA
999 _c195934
_d195934